000
00312nam a22001457a 4500
008
210305b ||||| |||| 00| 0 eng d
020
_a
0829902100
041
_a
eng
080
_a
573
082
_2
573
100
_a
11
101
_a
BIO
245
_a
Biology ,Today and Tomorrow
_c
Ward,A.J
942
_2
udc
_c
BK
999
_c
55781
_d
55781